<?xml version="1.0" encoding="UTF-8"?>
<record
    xmlns:xsi="http://www.w3.org/2001/XMLSchema-instance"
    xsi:schemaLocation="http://www.loc.gov/MARC21/slim http://www.loc.gov/standards/marcxml/schema/MARC21slim.xsd"
    xmlns="http://www.loc.gov/MARC21/slim">

  <leader>01295    a2200169   4500</leader>
  <controlfield tag="003">Nust</controlfield>
  <controlfield tag="005">20221202115606.0</controlfield>
  <datafield tag="040" ind1=" " ind2=" ">
    <subfield code="c">Nust</subfield>
  </datafield>
  <datafield tag="082" ind1=" " ind2=" ">
    <subfield code="a">621.38153,EIS</subfield>
  </datafield>
  <datafield tag="100" ind1=" " ind2=" ">
    <subfield code="a">Paul Eisler</subfield>
    <subfield code="9">104004</subfield>
  </datafield>
  <datafield tag="245" ind1=" " ind2=" ">
    <subfield code="a">The Technology of Printed Circuits :</subfield>
    <subfield code="b">The foil Technique in electronic production /</subfield>
    <subfield code="c">Paul Eisler</subfield>
  </datafield>
  <datafield tag="260" ind1=" " ind2=" ">
    <subfield code="a">london</subfield>
    <subfield code="b">Heywood</subfield>
    <subfield code="c">1959</subfield>
  </datafield>
  <datafield tag="300" ind1=" " ind2=" ">
    <subfield code="a">405p;</subfield>
  </datafield>
  <datafield tag="505" ind1=" " ind2=" ">
    <subfield code="a">The Basic Story of Printed Circuits (Page-1), The Confused Start of a New Technology (Page-7), The Principles of Method Selection and the Foil Tech (Page-28), Watching Printed Circuits Production (Page-42), Form the Drawing to the Photo-Stencil (Page-72), Litho Printing  (Page-90), Photomechanical Printing Processes (Page-96), Plating and the Foil Tech (Page-111),  Ancillary Operations (Page-132), Laboratory Routine (Page-146), Design (Page-159), Conventional Components for Assembly (Page-185), Printed Circuits Trouble Shooting (Page-192), Automatic Assembly in the Electronic (Page-205), Regeneration of Ferric Chloride (Page-223), Weight Saving and Heat Dissipation (Page-232), Miniaturization  (Page-242), Oriented Components (Page-253), Microwave Printed Circuits (Page-281), Printed Circuits and The Electronics Industry (Page-303).  </subfield>
  </datafield>
  <datafield tag="650" ind1=" " ind2=" ">
    <subfield code="a">Telecommunication Engineering</subfield>
  </datafield>
  <datafield tag="942" ind1=" " ind2=" ">
    <subfield code="2">ddc</subfield>
    <subfield code="c">BK</subfield>
  </datafield>
  <datafield tag="999" ind1=" " ind2=" ">
    <subfield code="c">193556</subfield>
    <subfield code="d">193556</subfield>
  </datafield>
  <datafield tag="952" ind1=" " ind2=" ">
    <subfield code="0">0</subfield>
    <subfield code="1">0</subfield>
    <subfield code="2">ddc</subfield>
    <subfield code="4">0</subfield>
    <subfield code="7">0</subfield>
    <subfield code="a">MCS</subfield>
    <subfield code="b">MCS</subfield>
    <subfield code="c">GEN</subfield>
    <subfield code="d">2016-12-12</subfield>
    <subfield code="o">621.38153,EIS</subfield>
    <subfield code="p">MCS5527</subfield>
    <subfield code="r">2016-12-08</subfield>
    <subfield code="w">2016-12-12</subfield>
    <subfield code="y">BK</subfield>
    <subfield code="z">Almirah No.34, Shelf No.2</subfield>
  </datafield>
</record>
